Yverdon - Choix Multiples - Statistiques

Statistiques générales
  • Ce quiz a été pris 36 fois
  • Le résultat moyen est 7 sur 10
Statistiques - réponses
Question Réponse % Correct
Au bord de quel lac se trouve la ville ? Lac de Neuchâtel
97%
Quel est le nom complet de la ville ? Yverdon-les-Bains
97%
Dans quel canton se trouve Yverdon ? Vaud
90%
Laquelle de ces images montre le château d'Yverdon ?
77%
À quelle institution Benno Besson a-t-il donné son nom ? Le théâtre
74%
Quel événement la ville a-t-elle reçu en 2002 ? L'exposition nationale suisse
61%
Quel sujet est exposé à la Maison d'Ailleurs ? La science-fiction
55%
La Grande Cariçaie est un lieu protégé à Yverdon, d'où vient le nom cariçaie ? Du carex, une plante
39%
Quel type d'ouvrage, publié à Yverdon en 1770, fera référence en son temps ? Encyclopédie
32%
Qui incendia la ville en 1476, lors du siège d'Yverdon ? Les Bernois
29%
Aucun quiz correspondant
Distribution des résultats
% des personnes avec chaque résultat
Percentile par nombre de réponses
Votre historique - résultats
Vous n’avez pas pris ce quiz